000 00345nam a2200157Ia 4500
100 _aOxford
650 _aDictionary
490 _v1
942 _cRB
654 _aLanguage reference
245 _aOxford Language Reference
260 _bOxford university press
_aMumbai
_c2001
082 _a025/OXF
_bOXF
546 _aENGLISH
999 _c31498
_d31498